Ruský jazyk pro 1. ročník středních odborných škol a studijních oborů středních odborných učilišť

Bibliographic Details
Main Author: Rudolfová, Lubomíra (Author)
Format: Book
Language:Czech
PhysicalDescription:252, [2] s. 8°
Published: Praha Státní pedagogické nakladatelství 1990
ISBN:8004248829
Edition:4. vyd.
Series:Učebnice pro střední školy
Subjects:

MARC

LEADER 00000nam a2200000 a 4500
001 vtls001328179
003 SK-MaSNL
005 20260416164820.0
008 251113s1990 xr 0 cze
020 |a 8004248829 
035 |a SNK000280997 
040 |a SNK  |b slo  |c SNK  |e AACR2 
041 0 |a cze 
044 |a CZ 
080 |a 808.2(075.3)  |2 1981 
245 1 |a Ruský jazyk pro 1. ročník středních odborných škol a studijních oborů středních odborných učilišť  |c zprac.: Lubomíra Rudolfová, (hl. autorka), ; il. Inka Delevová a František Škoda 
250 |a 4. vyd. 
260 |a Praha  |b Státní pedagogické nakladatelství  |c 1990 
300 |a 252, [2] s.  |c 8° 
490 1 |a Učebnice pro střední školy 
650 0 7 |a ruština  |2 SNK  |9 1346 
700 1 |a Rudolfová, Lubomíra  |4 aut  |9 290242 
830 0 |a Učebnice pro střední školy  |9 280536 
919 |a 80-04-24882-9 
958 |a RK 
958 |a OND 
999 |c 545765  |d 547695 
952 |t P60, <04>, [BOOK], {604}  |a SNK  |b SNK  |y VYP  |7 0  |o snkIC 114386  |i snkKIP 3025/90  |0 0  |1 0  |4 0  |d 1998-04-17  |l 0  |r 2005-01-02 00:00:00  |w 2026-02-23 
952 |t P60, <04>, [BOOK], {604}  |a SNK  |b SNK  |y NEVYP  |7 0  |p 17A0175003  |o snkIC 114386 D1  |i snkKIP 3026/90  |0 0  |1 1  |4 0  |d 1998-04-17  |l 0  |r 2005-01-02 00:00:00  |w 2026-02-23